|
|
|
|
| LEADER |
00590nam a22001697a 4500 |
| 020 |
|
|
|a 9789386440891
|
| 082 |
|
|
|a M301
|b ASH/K
|
| 100 |
|
|
|a Ashtamoorthy
|9 147629
|
| 245 |
|
|
|a Kathanavakam:
|b malayalathinte ishtakathakal/
|c by Ashtamoorthy
|
| 260 |
|
|
|a Thrissur:
|b Green Books,
|c 2017.
|
| 300 |
|
|
|a 88p.
|
| 650 |
|
|
|a Stories Malayalam
|9 147630
|
| 650 |
|
|
|a Literature Malayalam
|9 147631
|
| 650 |
|
|
|a Literature
|9 147632
|
| 942 |
|
|
|c BK
|
| 999 |
|
|
|c 141268
|d 141268
|
| 952 |
|
|
|0 0
|1 0
|4 0
|6 M_301_000000000000000_ASH_K
|7 0
|9 97505
|a SSUS
|b SSUS
|c STACKS
|d 2019-04-05
|g 105.00
|o M301 ASH/K
|p 094335
|r 2019-04-05
|w 2019-04-05
|y BK
|